Geschichte: Was kam zuerst? #2 - Statistiken

Allgemein
  • Dieses Quiz wurde 4.011 mal gespielt
  • Das Durchschnittsergebnis liegt bei 11 aus 16
Antwortstatistiken
Frage Antwort % Korrekt
Das Telefon oder Teleskop Teleskop
94%
Das Saxophon oder die Violine Violine
90%
Stahl oder Wein Wein
90%
Die Französische Revolution oder die Russische Revolution Französische Revolution
89%
Mexiko-Stadt oder Washington D.C. Mexiko-Stadt
83%
Fahrräder oder Universität Oxford Universität Oxford
83%
Lenin oder Marx Marx
74%
The Beatles oder Elvis Presley Elvis
73%
Haie oder Wale Haie
72%
Disneyland in Kalifornien oder Disney World in Florida Disneyland
66%
Buddha oder Jesus Buddha
64%
Marinara-Sauce oder Pasta Pasta
63%
Die Mona Lisa oder die Venus von Milo Venus de Milo
58%
Bach oder Beethoven Bach
54%
Zurück in die Zukunft oder Das Imperium schlägt zurück Das Imperium schlägt zurück
54%
Das Römische Reich oder die Römische Republik Römische Republik
39%
Keine übereinstimmenden Quizze gefunden
Verteilung der Resultate
Anzahl Personen mit jedem Resultat
Perzentil nach korrekt beantworteten Fragen
Ihre Resultats-Entwicklung
Sie haben dieses Quiz noch nicht gespielt